01420 2200241 4500001002100000005001500021035002000036007000300056008004100059020002200100082000900122084001500131100003300146245013700179250000600316260003100322300002900353700003600382700003300418650002900451520068100480990001701161INLIS00000000000157520260421110053 a0010-1123000206ta260421 j 1 ind  a978-602-481-570-7 a813k a813k WRI c0 aWrini Harlindi ( Pengarang )1 aCerdas Merawat Diri :bkumpulan cerita pengembangan diri /cWrini Harlindi ; penyunting, ApriliaRamadhani ; ilustraor, Tasya Nabiela a- aJakarta :bGramedia,c2021 a120 :bilus. ;c24 cme-0 aApriliaRamadhani ( Penyunting )0 aTasya Nabiela ( Ilustrator ) 4aFiksi - Bacaan anak-anak aAku enggak mau mandi! Dari tadi aku di rumah aja, kok! Kenapa aku harus makan sayur, sih? Aku enggak suka! Pa, aku capek belajar. Aku harus bagaimana, ya? Kenapa sih aku harus tidur cepat? Enakan chatting sama teman di HP. Sejak dini, anak-anak perlu mempunyai kesadaran untuk merawat diri atau self-care. Anak yang mempunyai kemampuan untuk merawat dirinya akan memiliki kesehatan fisik dan kesejahteraan jiwa yang baik, serta lebih mampu menghadapi stres. Kemampuan ini dapat dipelajari dan dikembangkan dengan bantuan orang-orang terdekat. Buku ini berisi 12 cerita yang dapat menjadi bimbingan bagi para pembaca kecil untuk melakukan self-care dalam kehidupan sehari-hari. a00135/K/2022